| 000 | 00469nam a2200169 a 4500 | ||
|---|---|---|---|
| 001 | 3623 | ||
| 005 | 20140414131950.0 | ||
| 008 | 060629s19uu xx 00 eng d | ||
| 020 | _a0-07-571212-1 | ||
| 050 |
_aTR 372.4 _bDIA |
||
| 245 | _aDiagnostic assessment, Levels K-3. | ||
| 260 |
_aColumbus, Ohio : _bSRA/McGraw-Hill, _c2002. |
||
| 300 | _a263 p. ; cm. | ||
| 440 | _aSRA Open Court Reading, Yellow | ||
| 650 |
_aReading _xStudy and teaching. |
||
| 999 |
_c112769 _d112769 |
||